LEADER 01347nam a2200289 i 4500 001 000000155530 003 CaOOAMICUS 005 20061113000000.0 008 061113s2006 fr u000 u fre u 013 $a132882 020 $a2-204-08192-2 040 $aSeMil$bita 100 1 $aKlauck, Hans-Josef,$d<1946- >.$0(OLS)http://semarc/name/38 245 10$aJudas :$bun disciple de Jésus : exégèse et répercussions historiques /$cHans-Josef Klauck ; traduit de l'allemand par Joseph Hoffmann. 260 $aParis :$bLes Éditions du Cerf,$c2006. 300 $a204 p. ;$c22 cm. 490 0 $aLectio Divin [Cerf]v212. 500 $aContiene : Bibliographie. 650 4$aBibbia - NT - Giuda - Commentari, studi, critica e interpretazioni.$0(OLS)http://semarc/subject/17142 700 1 $aHoffmann, Joseph <1934- >.$0(OLS)http://semarc/name/16662 830 0$aLectio divina ;$v212.$0(OLS)http://semarc/title/8 850 $aSeMil 852 $aSeMil$W1$xVenegono$y1$m2WA K 212$j107361$B107361$CSeMilBibl$Z2$F116771 $81 961 $aSottoscrizione: SODIS 996 $6020$a2-204-08192-2$9(OLS)http://semarc/number/145560 996 $6245$aJudas :$bun disciple de Jésus : exégèse et répercussions historiques$9(OLS)http://semarc/title/227785 996 $6260$aParis :$bLes Éditions du Cerf$9(OLS)http://semarc/publisher/29611 LEADER 00884nam a2200241 i 4500 001 000000069999 003 CaOOAMICUS 005 19990913000000.0 008 990913s1987 xx u000 u mul u 013 $a41171 040 $aSeMil$bita 245 10$aDocumenti ufficiali della Santa Sede, 25.1.1983 - 14.12.1985. 300 $a1785, [102] p. 490 0 $aStrumenti 710 2 $aSanta Sede.$0(OLS)http://semarc/name/1304 773 0 $aChiesa Cattolica$tEnchiridion Vaticanum.$dBologna : EDB, 1981-$g9$w()3307 830 0$aStrumenti.$0(OLS)http://semarc/title/6054 850 $aSeMil 852 $aSeMil$W1$xVenegono$y1$mSL1.X V 9$j36152$B36152$CSeMilBibl$Z2$F36155 $8I 910 2 $aChiesa Cattolica. 961 $aAcquisto: Casa editrice 996 $6245$aDocumenti ufficiali della Santa Sede, 25.1.1983 - 14.12.1985$9(OLS)http://semarc/title/112261